000 00187nam a22000977a 4500
082 _a823
_bGOO/Z
100 _aJANE GOODALL
245 _aZEBRA FAMILY
650 _aENGLISH STORY
942 _cBK
999 _c7695
_d7695